MARC

LEADER 00000nam0a2200000 4500
001 334633
005 20240307103946.0
035 |a (RuTPU)RU\TPU\book\360900 
090 |a 334633 
100 |a 20170901d1977 m y0rusy50 ca 
101 1 |a pol  |c rus 
102 |a PL 
105 |a a j 001zy 
200 1 |a Сборник задач по химической термодинамике  |d Zbior zadan z termodynamiki chemicznej  |e учебное пособие  |f А. И. Картушинская, Х. А. Лельчук, А. Г. Стромберг 
210 |a Варшава  |d 1977 
215 |a 228 с.  |c ил. 
300 |a Книга на польском языке 
320 |a Предметный указатель: с. 220-228 
510 1 |a Zbior zadan z termodynamiki chemicznej  |z pol 
606 1 |a Термодинамика химическая  |2 stltpush  |3 (RuTPU)RU\TPU\subj\70428  |9 84689 
610 1 |a химия 
610 1 |a задачи 
610 1 |a термодинамические функции 
610 1 |a расчеты 
610 1 |a растворы 
610 1 |a термохимия 
610 1 |a химические реакции 
610 1 |a константы 
610 1 |a фазовое равновесие 
610 1 |a учебные пособия 
610 1 |a труды учёных ТПУ 
610 1 |a польский язык 
610 1 |a библиотека А. Г. Стромберга 
675 |a 544.3(076)  |v 4 
700 1 |a Картушинская  |b А. И.  |g Алла Игнатьевна 
701 1 |a Лельчук  |b Х. А.  |g Хая Абрамовна 
701 1 |a Стромберг  |b А. Г.  |c химик, специалист в области классической полярографии и инверсионной вольтамперометрии  |c профессор Томского политехнического института  |f 1910-2004  |g Армин Генрихович  |3 (RuTPU)RU\TPU\pers\11188  |9 2478 
801 1 |a RU  |b 63413507  |c 20170901 
801 2 |a RU  |b 63413507  |c 20170920  |g RCR 
942 |c BK